| 000 | 01063cab a2200241 4500 | ||
|---|---|---|---|
| 001 | WB2803-42 | ||
| 008 | 090401t1992 xxu||||| |||| 00| 0 eng d | ||
| 035 | _a(Sirsi) u7522 | ||
| 041 | _aeng | ||
| 245 | _aLeave for planning appeals | ||
| 260 | _c1992 | ||
| 350 | _a0 | ||
| 490 |
_aTimes _v16 January 1992, 28(1) |
||
| 520 | _aIn a Practice Note it has been stated that Town and Country Planning Act 1990 s289 and Planning (Listed Buildings and Conservation Areas) Act 1990 s65(5) as amended respectively by Planning and Compensation Act 1991 s6(5) and sch3 (which concerned appeals to the HC relating to enforcement notices and listed building enforcement notices) required the leave of the HC to be obtained to bring proceedings under this section. | ||
| 650 | _aENFORCEMENT NOTICES | ||
| 650 | _aLISTED BUILDINGS | ||
| 650 | _aPLANNING (LISTED BUILDINGS AND CONSERVATION AREAS) ACT 199 | ||
| 650 | _aPRACTICE NOTE | ||
| 650 | _aTOWN AND COUNTRY PLANNING ACT 1990 S289 | ||
| 690 | _aPLANNING LAW AND PRACTICE | ||
| 942 | _n0 | ||
| 948 | _c04/03/1997 | ||
| 999 |
_c4556 _d4556 |
||